Catálogo

Los seis pilares de la autoestima : (Registro nro. 73113)

Detalles MARC
000 -LEADER
fixed length control field 01541nam a2200373 i 4500
001 - CONTROL NUMBER
control field 73113
003 - CONTROL NUMBER IDENTIFIER
control field Mx-PuUPA
005 - DATE AND TIME OF LATEST TRANSACTION
control field 20250617124208.0
008 - FIXED-LENGTH DATA ELEMENTS--GENERAL INFORMATION
fixed length control field 250617s2021 mx gr 001 0 spa d
020 ## - INTERNATIONAL STANDARD BOOK NUMBER
International Standard Book Number 9786075691565
040 ## - CATALOGING SOURCE
Original cataloging agency Mx-PuUPA
Language of cataloging spa
Transcribing agency Mx-PuUPA
Modifying agency Mx-PuUPA
Description conventions rda
041 1# - LANGUAGE CODE
Language code of text/sound track or separate title spa
Language code of original eng
100 1# - MAIN ENTRY--PERSONAL NAME
Personal name Branden, Nathaniel
Dates associated with a name 1930-2014
Relator term autor
9 (RLIN) 2142
240 14 - UNIFORM TITLE
Uniform title The six pillars of self-esteem.
Language of a work Español
245 14 - TITLE STATEMENT
Title Los seis pilares de la autoestima :
Remainder of title el libro definitivo sobre la autoestima por el más importante especialista en la materia /
Statement of responsibility, etc. Nathaniel Branden ; traducción de Jorge Vigil Rubio
250 ## - EDITION STATEMENT
Edition statement Primera edición /
Remainder of edition statement Booket en tapa dura
264 #1 - PRODUCTION, PUBLICATION, DISTRIBUTION, MANUFACTURE, AND COPYRIGHT NOTICE
Place of production, publication, distribution, manufacture Ciudad de México :
Name of producer, publisher, distributor, manufacturer Paidós,
Date of production, publication, distribution, manufacture, or copyright notice 2021
300 ## - PHYSICAL DESCRIPTION
Extent 424 páginas ;
Dimensions 20 cm
336 ## - CONTENT TYPE
Content type term texto
Fuente rdacontent
Content type code txt
337 ## - MEDIA TYPE
Media type term sin medio
Source rdamedia
Media type code n
338 ## - CARRIER TYPE
Carrier type term volumen
Source rdacarrier
Carrier type code nc
490 0# - SERIES STATEMENT
Series statement Biblioteca Nathaniel Branden
500 ## - GENERAL NOTE
General note Reimpresiones: (tercera, noviembre 2023).
650 #7 - SUBJECT ADDED ENTRY--TOPICAL TERM
Topical term or geographic name entry element Autoestima
Source of heading or term armarc
650 #7 - SUBJECT ADDED ENTRY--TOPICAL TERM
Topical term or geographic name entry element Psicopatología
Source of heading or term armarc
650 #7 - SUBJECT ADDED ENTRY--TOPICAL TERM
Topical term or geographic name entry element Psicoterapia
Source of heading or term armarc
650 #7 - SUBJECT ADDED ENTRY--TOPICAL TERM
Topical term or geographic name entry element Psicología clínica
Source of heading or term armarc
700 1# - ADDED ENTRY--PERSONAL NAME
Personal name Vigil Rubio, Jorge,
Relator term traductor
765 0# - ORIGINAL LANGUAGE ENTRY
Main entry heading Branden, Nathaniel, 1930-2014,
Edition Nueva York : Publising Group, In., [Fecha de publicación no identificada]
Title The six pillars of self-esteem
942 ## - ADDED ENTRY ELEMENTS (KOHA)
Source of classification or shelving scheme Dewey Decimal Classification
Koha item type Libro
Classification part 155.2
Item part B794
Existencias
Withdrawn status Lost status Source of classification or shelving scheme Damaged status Not for loan Collection code Home library Current library Shelving location Date acquired Source of acquisition Cost, normal purchase price Total Checkouts Full call number Barcode Date last seen Copy number Cost, replacement price Price effective from Koha item type
    Dewey Decimal Classification     General Biblioteca Karol Wojtyla Biblioteca Karol Wojtyla Sala general 17/06/2025 1 352.00   155.2 B794 2021 106104 10/04/2026 Ej.2 352.00 17/06/2025 Libro
    Dewey Decimal Classification     General Biblioteca Karol Wojtyla Biblioteca Karol Wojtyla Sala general 17/06/2025 1 352.00   155.2 B794 2021 106103 05/01/2026   352.00 17/06/2025 Libro